Theory of Machines (Record no. 6412)

MARC details
000 -LEADER
fixed length control field 00281nam a2200121Ia 4500
008 - FIXED-LENGTH DATA ELEMENTS--GENERAL INFORMATION
fixed length control field 191201s2012 xx 000 0 und d
100 ## - MAIN ENTRY--PERSONAL NAME
Personal name KHURMI,R.S.
245 #0 - TITLE STATEMENT
Title Theory of Machines
260 ## - PUBLICATION, DISTRIBUTION, ETC. (IMPRINT)
Place of publication, distribution, etc N. Delhi
Name of publisher, distributor, etc S Chand
Date of publication, distribution, etc 2012
300 ## - PHYSICAL DESCRIPTION
Extent 1071
650 ## - SUBJECT ADDED ENTRY--TOPICAL TERM
Topical term or geographic name as entry element B.Tech(ME)
942 ## - ADDED ENTRY ELEMENTS (KOHA)
Source of classification or shelving scheme Dewey Decimal Classification
Koha item type Text Books
Holdings
Withdrawn status Lost status Source of classification or shelving scheme Damaged status Not for loan Collection code Home library Current library Date acquired Source of acquisition Cost, normal purchase price Bill Number Total Checkouts Full call number Acc. no. / Barcode Date last seen Date last borrowed Actual Cost, discounted price Bill Date Koha item type Public note
    Dewey Decimal Classification     B.Tech(ME) PIET C-LIBRARY PIET C-LIBRARY 29/05/2015 PANKAJ BOOK DEPOT PANIPAT 650.00 AS390 1 621.8 KHT 27015 07/01/2022 27/12/2021 500.50 25/05/2015 Text Books  
    Dewey Decimal Classification     B.Tech(ME) PIET C-LIBRARY PIET C-LIBRARY 29/05/2015 PANKAJ BOOK DEPOT PANIPAT 650.00 AS390 13 621.8 KHT 27016 27/03/2026 23/03/2026 500.50 25/05/2015 Text Books  
    Dewey Decimal Classification     B.Tech(ME) PIET C-LIBRARY PIET C-LIBRARY 29/05/2015 PANKAJ BOOK DEPOT PANIPAT 650.00 AS390 2 621.8 KHT 27017 16/01/2024 29/12/2023 500.50 25/05/2015 Text Books  
    Dewey Decimal Classification     B.Tech(ME) PIET C-LIBRARY PIET C-LIBRARY 29/05/2015 PANKAJ BOOK DEPOT PANIPAT 650.00 AS390     27018 04/12/2019   500.50 25/05/2015 Text Books Damage

Design & Developed by: PIET Central Library
R70 Miles Stone Pattikalyana Samalkha Panipat 132102
mail ID :- [email protected], Phone No:- 0180-2569700 Ex.216